00386nam a2200169Ia 4500003000400000005001700004008004100021040000700062041000800069082001900077100002100096245002300117260003600140365001200176650001400188650001400202OSt20230516150102.0210423s1979 xx 000 0 und d cAL aeng a330 223bUDAB aUDAYASHANKAR (S) aBusiness economics aNew DelhibWiley and Sonsc1979 b75cINR aEconomics aEconomics